Sabdangal (Record no. 19305)

MARC details
000 -LEADER
fixed length control field 00438nam a2200145Ia 4500
008 - FIXED-LENGTH DATA ELEMENTS--GENERAL INFORMATION
fixed length control field 211109s9999||||xx |||||||||||||| ||und||
082 ## - DEWEY DECIMAL CLASSIFICATION NUMBER
Classification number 894.8123
Item number BAS-S
100 ## - MAIN ENTRY--PERSONAL NAME
Personal name Basheer, Vaikom Muhammad
245 #0 - TITLE STATEMENT
Title Sabdangal
260 ## - PUBLICATION, DISTRIBUTION, ETC.
Name of publisher, distributor, etc. SAHITHYA PRVARTHAKA SANGHAM
Place of publication, distribution, etc. Kottayam
Date of publication, distribution, etc. 1956
300 ## - PHYSICAL DESCRIPTION
Extent 121p
630 ## - SUBJECT ADDED ENTRY--UNIFORM TITLE
General subdivision General Stack
650 ## - SUBJECT ADDED ENTRY--TOPICAL TERM
Topical term or geographic name entry element Malayalam literature
942 ## - ADDED ENTRY ELEMENTS (KOHA)
Koha item type BOOK
650 ## - SUBJECT ADDED ENTRY--TOPICAL TERM
Form subdivision malayalam fictionmalayalam novelmalayalam stories
General subdivision Malayalam
Holdings
Withdrawn status Lost status Damaged status Not for loan Home library Current library Date acquired Cost, normal purchase price Total Checkouts Full call number Barcode Shelving location Date last seen Date last checked out Price effective from Koha item type
        SB LIBRARY SB LIBRARY 09/11/2021 1.00 3 894.8123 BAS-S 00019992 GENERAL STACK 14/11/2023 09/11/2023 09/11/2021 BOOK

Powered by Koha